Central Library OPAC University of Rajshahi
Normal view MARC view

Entry Personal Name

Number of records used in: 2

001 - CONTROL NUMBER

  • control field: 9022

003 - CONTROL NUMBER IDENTIFIER

  • control field: BD-RjUL

005 - DATE AND TIME OF LATEST TRANSACTION

  • control field: 20230918110923.0

008 - FIXED-LENGTH DATA ELEMENTS

  • fixed length control field: 230918|| aca||aabn | a|a d

040 ## - CATALOGING SOURCE

  • Original cataloging agency: BD-RjUL
  • Transcribing agency: BD-RjUL

100 ## - HEADING--PERSONAL NAME

  • Personal name: Kelkar, R. V

670 ## - SOURCE DATA FOUND

  • Source citation: Work cat.: (BD-RjUL)81930: Pillai, K. N. Chandrasekharan 9021, R.V. Kelkar's criminal procedure /, 2021 [reprint 2022]